<A> History of Economic Ideas

Uložené v:
Podrobná bibliografia
Hlavný autor: Whittaker, Edmund
Médium: Kniha
Jazyk:English
Vydavateľské údaje: New York Longmans, Green and Co. 1946
Vydanie:1. ed.
Tagy: Pridať tag
Žiadne tagy, Buďte prvý, kto otaguje tento záznam!

MARC

LEADER 00000nam a2200000 4500
001 c038014
005 20221220101901.4
041 0 |a eng 
044 |a US 
245 1 0 |a <A> History of Economic Ideas  |c Edmund Whittaker 
250 |a 1. ed. 
264 1 |a New York  |b Longmans, Green and Co.  |c 1946 
300 |a 766 s. 
100 1 |a Whittaker, Edmund